| 000 | 00326nam a2200121Ia 4500 | ||
|---|---|---|---|
| 003 | GCL | ||
| 008 | 140319s9999 xx 000 0 eng d | ||
| 040 |
_aGCL / _cGCL |
||
| 082 | 0 | 4 |
_a658.049 _bP I |
| 245 | 1 | 0 | _aINTERNATIONAL DIMENSIONS OF MANAGEMENT, 3RD ED. |
| 260 |
_a[S.N] : _bPWS PUBLISHING COMPANY ، _c1992 |
||
| 300 | _a235 P | ||
| 999 |
_c20780 _d20780 |
||